000 00336nam a2200145Ia 4500
005 20251222151317.0
008 251222s9999||||xx |||||||||||||| ||spa||
020 _a8460626318
082 _a615.53/P43
100 _aPeris, Juan Bautista
245 0 _aFitoterapia Aplicada
250 _a1ra.ed.
264 _bM.I.C.O.F.
942 _cLIB
999 _c23567
_d23567